| 000 | 00615nam a2200265Ia 4500 | ||
|---|---|---|---|
| 008 | 210210b1800 xxu||||| |||| 00| 0 eng d | ||
| 041 | _aeng | ||
| 082 | _a911/62 | ||
| 100 | _a- | ||
| 245 | _aGeographical, historical and political description of the empire of Germany, Holland etc | ||
| 260 |
_aLondon _b- _c1800 |
||
| 650 | _athe | ||
| 650 | _apolitical | ||
| 650 | _aof | ||
| 650 | _aHolland | ||
| 650 | _ahistorical | ||
| 650 | _aGermany, | ||
| 650 | _aGeographical, | ||
| 650 | _aetc | ||
| 650 | _aempire | ||
| 650 | _adescription | ||
| 650 | _aand | ||
| 690 | _aTravel | ||
| 906 | _a024734 | ||
| 999 |
_c150356 _d150356 |
||